Privatización en la educación superior latinoamericana: aspectos relevantes para una futura política en Chile
Uloženo v:
| Korporativní autor: | |
|---|---|
| Médium: | Kniha |
| Jazyk: | španělština |
| Vydáno: |
Santiago
Embajada de los Estados Unidos
1990
|
| Témata: | |
| Tagy: |
Přidat tag
Žádné tagy, Buďte první, kdo vytvoří štítek k tomuto záznamu!
|
MARC
| LEADER | 00000nam a2200000 a 4500 | ||
|---|---|---|---|
| 001 | UCY3977 | ||
| 003 | CL-VaPUC | ||
| 005 | 20220315074411.0 | ||
| 008 | 950124e19900000cl 1 spa d | ||
| 082 | 0 | 4 | |a 378 |b COM |2 21 |
| 110 | 2 | |a Comisión Fulbright para el Intercambio Educacional entre Chile y los Estados Unidos |e author |9 617161 | |
| 245 | 1 | 0 | |a Privatización en la educación superior latinoamericana: aspectos relevantes para una futura política en Chile |
| 260 | |a Santiago |b Embajada de los Estados Unidos |c 1990 | ||
| 300 | |a 78 p | ||
| 583 | |a last modification |c 19950124 00:00:00 |k Rodrigo Vera | ||
| 650 | 0 | 0 | |a Educación superior |9 223851 |
| 650 | 0 | 0 | |a Congresos |9 257560 |
| 650 | 0 | 7 | |a COOPERACION INTERNACIONAL EDUCATIVA |2 CL-VaPUC |9 311315 |
| 650 | 0 | 7 | |a PRIVATIZACION DE LA EDUCACION |2 CL-VaPUC |9 361931 |
| 651 | 7 | |a CHILE |2 CL-VaPUC |9 617162 | |
| 942 | |c BK | ||
| 945 | |a rbrito |d 19950124 00:00:00 | ||
| 546 | |a En Español | ||
| 518 | |p Seminario de Educación Superior, Santiago, 1990 | ||
| 999 | |c 382355 |d 382353 | ||
| 952 | |0 0 |1 0 |4 0 |6 378_000000000000000_COM_1990 |7 0 |8 P |9 503999 |a BIBEDU |b BIBEDU |c BIBEDU_PB |d 2020-01-23 |i 2787512 |o 378 COM 1990 |p 2787512 |r 2024-01-25 |w 2020-01-23 |y BK |k EDU | ||